00578caa a22001692a 4500001000900000003001100009008004300020092002000063100001800083245002700101300001600128500009300144546001300237942000900250773013400259999001500393 001327 AR-FADEU 311216n########xxu####################dd a801.953 2bC976 aTaylor, Peter aMrs. Billingsby's Wine aPP. 467-475 aEn: What is the short story? / Eugene Current-García. Glenview : Scott, Foresman, 1974 aInglés cBDGR0 0712595072aCurrent-García, EugenebdGlenvieuo0285tWhat is the short story? : Revisedw( AR-FADEU) 001286xz0-673-07886-8 c7166d7166